• 首页
  • 本馆介绍
  • 公告通知
  • 最新文献
  • 馆藏检索
  • 电子资源
  • 读者导购
  • 参考咨询
  • 我的图书馆
  • 登录
  • 详细信息显示
  • 放入我的书架
  • 预约/预借图书
  • 作者相关作品
  • 分类相关作品
  • 丛书相关作品
  • 出版社相关作品

书目信息

  • 表格格式
  • 工作单格式
  • 卡片格式
题名:
全成都吃喝玩乐情报书
    
 
作者: ;玩乐疯编辑部 编著
分册:  
出版信息: 北京   中国铁道出版社  2011.07
页数: 278页
开本: 21cm
丛书名: 旅游书架
单 册:
中图分类: K928.971.1
科图分类:
主题词: 导游--成都市 , 导游
电子资源:
ISBN: 978-7-113-12799-2
000 01056oam2 2200301 45
001 1356796984
005 20130515100635.93
010    @a978-7-113-12799-2@dCNY39.80
100    @a20130108d2011 em y0chiy50 ea
101 0  @achi
102    @aCN@b110000
105    @aa z 000yy
106    @ar
200 1  @a全成都吃喝玩乐情报书@AQuan Cheng Dou Chi He Wan Le Qing Bao Shu@e最新超值版@EZui Xin Chao Zhi Ban@f《玩乐疯》编辑部编著@F《 Wan Le Feng》 Bian Ji Bu Bian Zhu
205    @a2版
210    @a北京@c中国铁道出版社@d2011.07
215    @a278页@c图@d21cm
225 2  @a旅游书架
225 2  @a亲历者旅行指南@i《吃喝玩乐情报书》系列
330    @a本书内容包括:成都美食情报;成都酒吧情报;成都茶馆情报;成都淘宝逛街情报;成都娱乐情报;成都休闲健身情报;成都旅游情报等。
461  0 @12001 @a旅游书架
461  0 @12001 @a亲历者旅行指南
606 0  @a导游@y成都市
606 0  @a导游
690    @aK928.971.1@v5
711 02 @a玩乐疯编辑部@AWan Le Feng Bian Ji Bu@4编著
801    @aCN@bTANGWEI@c20130108
905    @b0829516-20@dK928.971.1@e633@f5
    
    全成都吃喝玩乐情报书:最新超值版/《玩乐疯》编辑部编著.-2版.-北京:中国铁道出版社,2011.07
    278页:图;21cm.-(旅游书架).-(亲历者旅行指南.《吃喝玩乐情报书》系列)
    
    
    ISBN 978-7-113-12799-2:CNY39.80
    本书内容包括:成都美食情报;成都酒吧情报;成都茶馆情报;成都淘宝逛街情报;成都娱乐情报;成都休闲健身情报;成都旅游情报等。
●
相关链接 在E读中查询图书 在五车中查询图书 在当当中查询图书 在豆瓣中查询图书


正题名:全成都吃喝玩乐情报书     索取号:K928.971.1/633         预约/预借

序号 登录号 条形码 馆藏地/架位号 状态 备注
1 0829516   208295165   第二样本阅览室/ [索取号:K928.971.1/633] 在馆    
2 0829517   208295174   第二借阅区/ [索取号:K928.971.1/633] 在馆    
3 0829518   208295183   第二借阅区/ [索取号:K928.971.1/633] 在馆    
4 0829519   208295192   密集书库-资源管理系/ [索取号:K928.971.1/633] 在馆    
5 0829520   208295209   第二借阅区/ [索取号:K928.971.1/633] 在馆    
唐山师范学院图书馆 欢迎您!
大连网信软件有限公司© 版权所有